Statistiche per Quali sono i nomi più usati per le bambine nate nel 2016 in Italia?

Clicka qui per fare il quiz!

Statistiche generali

  • Questo quiz è stato fatto 780 volte
  • Il punteggio medio è 11 su 20

Statistiche sulle risposte

NeonateNomi% Corretto
6093Giulia
83%
2262Francesca
78%
7616Sofia
75%
3122Anna
72%
3188Chiara
70%
3533Martina
69%
2976Sara
69%
2230Alessia
65%
3651Giorgia
55%
3506Alice
53%
3814Emma
49%
6466Aurora
47%
2820Beatrice
47%
2605Gaia
45%
3461Greta
34%
2425Matilde
34%
2413Vittoria
34%
3256Ginevra
32%
2293Noemi
29%
2815Nicole
24%

Distribuzione punteggi

Percentile per numero di risposta

Percentuale di utenti per punteggio

I tuoi punteggi nel tempo

Non hai fatto questo quiz